000
00296 a2200145 4500
001
155018
040
_c
Escola São Tomás de Aquino
100
_a
HARVEY, Paul
240
1
0
_a
Surfer !
_l
por
245
1
0
_a
Surfer !
300
_a
28
362
0
_a
2008
697
_a
Língua inglesa
942
_c
BK
999
_c
155018
_d
155018